Normal view
MARC view
- الحرب العالمية الثالثة
Entry Topical Term
001 - CONTROL NUMBER
- control field: 7130
003 - CONTROL NUMBER IDENTIFIER
- control field: JO-AjAnu
005 - DATE AND TIME OF LATEST TRANSACTION
- control field: 20230606071444.0
008 - FIXED-LENGTH DATA ELEMENTS
- fixed length control field: 230606|| aca||aabn | a|a d
040 ## - CATALOGING SOURCE
- Original cataloging agency: JO-AjAnu
- Transcribing agency: JO-AjAnu
150 ## - HEADING--TOPICAL TERM
- Topical term or geographic name entry element: الحرب العالمية الثالثة
670 ## - SOURCE DATA FOUND
- Source citation: Work cat.: (JO-AjAnu)3690: تاليف بلومنتريت، مونثر؛ ترجمة خطاب، ترجمة محمود شيت, author 7129, اسرار الحرب العالمية الثالثة في سيرة أبرز قائد الماني المشير فون رونشتد القائد الانسان